Under the hammer : the auctions and auctioneers of London (Record no. 95325)

MARC details
000 -LEADER
fixed length control field 00449cam a2200181 4500
001 - CONTROL NUMBER
control field D2755
008 - FIXED-LENGTH DATA ELEMENTS--GENERAL INFORMATION
fixed length control field 090401t1977 xxu||||| |||| 00| 0 eng d
035 ## - SYSTEM CONTROL NUMBER
System control number (Sirsi) u70436
041 ## - LANGUAGE CODE
Language code of text/sound track or separate title eng
050 ## - LIBRARY OF CONGRESS CALL NUMBER
Classification number 380.109421
100 ## - MAIN ENTRY--PERSONAL NAME
Personal name Cooper, Jeremy
245 ## - TITLE STATEMENT
Title Under the hammer : the auctions and auctioneers of London
260 ## - PUBLICATION, DISTRIBUTION, ETC.
Place of publication, distribution, etc. London
Name of publisher, distributor, etc. Constable
Date of publication, distribution, etc. 1977
300 ## - PHYSICAL DESCRIPTION
Extent 248p. plates. 22cm
350 ## - PRICE (NR) (BK AM CF MU VM SE) [OBSOLETE]
Price 6.5
942 ## - ADDED ENTRY ELEMENTS (KOHA)
Suppress in OPAC 0
948 ## - LOCAL PROCESSING INFORMATION (OCLC); SERIES PART DESIGNATOR (RLIN)
c (OCLC) 04/03/1997
Holdings
Withdrawn status Lost status Source of classification or shelving scheme Damaged status Not for loan Home library Current library Shelving location Date acquired Cost, normal purchase price Total Checkouts Full call number Barcode Date last seen Copy number Cost, replacement price Price effective from Koha item type
    Dewey Decimal Classification     London London Basement 14/09/1999 6.50   BASEMENT 30007472 06/08/2019 1 6.50 06/08/2019 Book